01056nam0a22002411 4500001001100000005001700011021001900028035002600047100004100073101000800114102000700122105001800129200024700147210003200394215001500426300004300441606007300484606012900557700006400686801001800750801002200768852002400790rc\405501620250611072826.0 aRUb[51-13835] a(NLR Aleph) 008108535 a20130415d1951 |||y0rusy50 ca0 arus aRU ay z |||||1 aВеликая дружба народов СССРeКраткий рекоменд. обзор литературыfНауч. ред. Б.Т. БагликоваgГос. ордена Ленина б-ка СССР им. В.И. Ленина aМоскваcБ. и.d1951 a68 с.d20 aНа обл. авт. не указан aДружба народов СССРjБиблиография2psbo aМорально-политическое единство советского народаjБиблиография2psbo 1aКазаковbС.В.gСергей Васильевич 0aRUbNLRgpsbo 1aRUbELAR2rusmarc aNLRjС405-660/К14